000 01028nam a2200217 i 4500
001 153563
003 ES-MaACL
005 20251011063142.0
008 931025s1870 po |||| | por d
100 1 _aJardim, António dos Santos Pereira,
_d1821-1888
_9150800
245 1 0 _aDesenuolvimiento do Programa de Finanças /
_cpelo... Antonio dos Sanctos Pereira Jardim.
260 _aCoimbra :
_b[s.n.],
_c1870 (
_fImp. de Universidade)
300 _a276 p. ;
_c23 cm.
505 8 _aContiene: Parte Primeira
505 8 _aOs preliminares du Sciencia e as questoes mais importantes da Theorica do imposto e dos serviços de Farenda...
505 8 _aSegundo as prelecçoes feitas no anno lectivo de 1868 a 1869
700 2 1 _aUniversidade de Coimbra,
_eimp.
_9222064
752 _aPortugal -
_d, Coimbra
852 _aES-MaACL
_jG-7653
_z-- Enc. pasta española
_z-- Dedicatoria ms. al Dr. Madrazo
_x-- Edic.: Corregir en el tit.: "Desenvolvimento ..." -- La paginación completa es: 294 p.
999 _c153563
_d153563